000 02139cam a2200265u 4500
001 3008
003 FISKH
005 20240130142434.0
008 821124s1965 mdu 000 0 eng
010 _a 65003834
040 _aDLC
_cCarP
_dDLC
_beng
050 0 0 _aPT8854
_b.W32 1965
082 _a839.8226
100 1 _aIbsen, Henrik,
_d1828-1906.
245 1 4 _aA doll's jouse
_band other plays
_cHenrik Ibsen
250 _aThis translation 1987
260 _aBaltimore,
_bPenguin Books
_c1965
300 _a335 pages
_c19 cm
520 _a(From Wikipedia) A Doll's House (Danish and Bokmål: Et dukkehjem; also translated as A Doll House) is a three-act play written by Norwegian playwright Henrik Ibsen. It premiered at the Royal Theatre in Copenhagen, Denmark, on 21 December 1879, having been published earlier that month.[1] The play is set in a Norwegian town circa 1879. The play concerns the fate of a married woman, who at the time in Norway lacked reasonable opportunities for self-fulfillment in a male-dominated world. Despite the fact that Ibsen denied it was his intent to write a feminist play, it was a great sensation at the time,[2] and caused a "storm of outraged controversy" that went beyond the theatre to the world of newspapers and society.[3] In 2006, the centennial of Ibsen's death, A Doll's House held the distinction of being the world's most performed play that year.[4] UNESCO has inscribed Ibsen's autographed manuscripts of A Doll's House on the Memory of the World Register in 2001, in recognition of their historical value.[5] The title of the play is most commonly translated as A Doll's House, though some scholars use A Doll House. John Simon says that A Doll's House is "the British term for what [Americans] call a 'dollhouse'".[6] Egil Törnqvist says of the alternative title: "Rather than being superior to the traditional rendering, it simply sounds more idiomatic to Americans."[7]
700 1 _aWatts, Peter,
_d1900-1972,
_etranslator
740 0 _aDoll's house.
740 0 _aLady from the sea.
906 _a0
_bcbc
_cpremunv
_du
_encip
_f19
_gy-gencatlg
942 _2ddc
_cBK
_n0
999 _c3008
_d3008